000 00937nam a2200325Ia 4500
001 Z_6120
003 CHAP
008 220113s2007 xx 000 0 und d
010 _a168896
020 _a978-986-24-8008-9
040 _cCHAP
082 _a627.56 G37
100 _aGarcía Casillas, Ignacio
_945831
245 _aSistemas de riego por aspersión y goteo /
_cIgnacio García Casillas; coautor Gregorio Briones Sánchez
250 _a2a ed.
260 _aMéxico :
_bTrillas,
_c2007
300 _a277 p.
503 _aej.1: C/E \ ej.2: 0032 \ ej.3: 0033 \ ej.4: 0034 \ ej.5: 0035
504 _aIncluye bibliografía
650 _aCultivos de regadío
_9143177
650 _aMicroirrigación
_975516
650 _aRiego por aspersión
_997375
700 _aI. Briones Sánchez, Gregorio, coaut.
_9143178
901 _a627.56 G37
902 _aM
910 _a2007
942 _c1
942 _cc1
999 _c168896
_d168896